Search the Library Catalogue
| 000 -LEADER | |
|---|---|
| fixed length control field | 00711nam a2200241Ia 4500 |
| 008 - FIXED-LENGTH DATA ELEMENTS--GENERAL INFORMATION | |
| fixed length control field | 191130s1998##################000#0#eng## |
| 020 ## - INTERNATIONAL STANDARD BOOK NUMBER | |
| ISBN | 9780688163785 |
| 082 ## - DEWEY DECIMAL CLASSIFICATION NUMBER | |
| Classification number | 641.5 LAG |
| 100 ## - MAIN ENTRY--AUTHOR NAME | |
| Personal name | Lagasse, Emeril |
| 245 ## - TITLE STATEMENT | |
| Title | Emeril's TV dinners |
| Statement of responsibility, etc | Emeril Lagasse with Marcelle Bienvenu and Felicia Willett ; photography by Brian Smale |
| 250 ## - EDITION STATEMENT | |
| Edition statement | 1st ed |
| 260 ## - PUBLICATION, DISTRIBUTION, ETC. (IMPRINT) | |
| Place of publication | New York |
| Name of publisher | William Morrow |
| Year of publication | c1998 |
| 300 ## - PHYSICAL DESCRIPTION | |
| Number of Pages | xix, 268 p. : ill. ; 24 cm. ; hpk |
| 500 ## - GENERAL NOTE | |
| General note | Includes index |
| 650 ## - SUBJECT ADDED ENTRY--TOPICAL TERM | |
| Topical Term | Cooking |
| 700 ## - ADDED ENTRY--PERSONAL NAME | |
| Personal name | Bienvenu, Marcelle |
| Personal name | Willett, Felicia |
| 991 ## - | |
| -- | 302114 |
| Withdrawn status | Lost status | Damaged status | Not for loan | Home library | Current library | Shelving location | Date acquired | Full call number | Accession Number | Price effective from | Koha item type |
|---|---|---|---|---|---|---|---|---|---|---|---|
| Anna Centenary Library | Anna Centenary Library | 6TH FLOOR, A WING | 12.10.2020 | 641.5 LAG | 468168 | 12.10.2020 | English Books |